000 00765nam a2200253Ia 4500
003 OSt
005 20221007080044.0
006 a|||||r|||| 00| 0
007 ta
008 221006b |||||||| |||| 00| 0 eng d
024 _a17
037 _cReference Collections
040 _aFLL
_cFLL
_beng
041 _2eng
_aeng
082 _a234.2.N7, M0
100 _aSrivastava Shyam Nath
245 0 _aUniversity Libraries in India
_borganistion and Administration
260 _aNew Delhi
_bSterling India
_c1980
300 _a351
_ccm.
650 _aLibrary Science
700 _a Verma Subhash Chandra
_9694562
942 _h234.2.N7, M0
_cREF
_2CC
999 _c1158237
_d1158237